| 000 | 00630nam a22002177i 4500 | ||
|---|---|---|---|
| 003 | URS | ||
| 005 | 20220114152702.0 | ||
| 008 | 170502b xxu||||| |||| 00| 0 eng d | ||
| 020 | _a0395573017 | ||
| 040 |
_erda _cURSP-College Library _beng |
||
| 082 |
_a658.8 _bP93 1991 |
||
| 100 | 1 | _aPride, William M. | |
| 245 |
_aMarketing: _bInstructors Resource Manual |
||
| 264 | 1 |
_aBoston _bHoughton Mifflin Company _c1991. |
|
| 300 |
_aix, 337 pages; _c28cm. |
||
| 336 |
_atext _btxt _2rdacontent |
||
| 337 |
_aunmediated _bn _2rdamedia |
||
| 338 |
_avolume _bnc _2rdacarrier |
||
| 650 | 0 |
_aMarketing _vInstructors's Manual |
|
| 942 |
_2lcc _cFR |
||
| 999 |
_c7269 _d7269 |
||